| 000 | 00644nam a2200205 a 4500 | ||
|---|---|---|---|
| 001 | 12989 | ||
| 003 | BD-JhCC | ||
| 005 | 20230611092613.0 | ||
| 008 | 230611s2022 bg |||| |||| 000 0 ben d | ||
| 035 | _a(BD-JhCC)12989 | ||
| 040 |
_aBD-JhCC _dBD-JhCC |
||
| 041 | _aben | ||
| 082 |
_a891.443 _bWAS 2022 |
||
| 100 | _aওয়াসিম, শাহরিয়ার | ||
| 245 |
_aসেমিকোলন / _cশাহরিয়ার ওয়াসিম |
||
| 260 |
_aঢাকা : _bপ্রতিচ্ছবি, _c২০২২ |
||
| 300 |
_a২২৪ পৃ. : _c২১ সেমি. |
||
| 650 | _aBengali novel | ||
| 942 |
_2ddc _cBK |
||
| 999 |
_c12989 _d12989 |
||